Every Barcelona Player Since 2000 - Statistics

General Stats
  • This quiz has been taken 999 times
  • The average score is 377 of 684
Answer Stats
% Correct
2022/23 GK Germany Marc-Andre ter Stegen 50
98%
2021/22 GK Germany Marc-Andre ter Stegen 49
98%
2020/21 GK Germany Marc-Andre ter Stegen 42
98%
2019/20 GK Germany Marc-Andre ter Stegen 46
98%
2018/19 GK Germany Marc-Andre ter Stegen 49
98%
2017/18 GK Germany Marc-Andre ter Stegen 48
98%
2016/17 GK Germany Marc-Andre ter Stegen 46
98%
2015/16 GK Germany Marc-Andre ter Stegen 26
98%
2014/15 GK Germany Marc-Andre ter Stegen 21
98%
2020/21 RW Argentina Lionel Messi 47 38
96%
2019/20 RW Argentina Lionel Messi 44 31
96%
2018/19 RW Argentina Lionel Messi 50 51
96%
2017/18 RW Argentina Lionel Messi 54 45
96%
2016/17 RW Argentina Lionel Messi 52 54
96%
2015/16 RW Argentina Lionel Messi 49 41
96%
2014/15 RW Argentina Lionel Messi 57 58
96%
2013/14 RW Argentina Lionel Messi 46 41
96%
2012/13 RW Argentina Lionel Messi 50 60
96%
2011/12 RW Argentina Lionel Messi 60 73
96%
2010/11 RW Argentina Lionel Messi 55 53
96%
2009/10 RW Argentina Lionel Messi 53 47
96%
2008/09 RW Argentina Lionel Messi 51 38
96%
2007/08 RW Argentina Lionel Messi 40 16
96%
2006/07 RW Argentina Lionel Messi 36 17
96%
2005/06 RW Argentina Lionel Messi 25 8
96%
2004/05 RW Argentina Lionel Messi 9 1
96%
2022/23 ST Poland Robert Lewandowski 46 33
95%
2022/23 CM Spain Gavi 49 3
94%
2021/22 CM Spain Gavi 47 2
94%
2022/23 CM Spain Pedri 35 7
94%
2021/22 CM Spain Pedri 22 5
94%
2020/21 CM Spain Pedri 52 4
94%
2014/15 CM Spain Xavi Hernandez 44 2
94%
2013/14 CM Spain Xavi Hernandez 47 4
94%
2012/13 CM Spain Xavi Hernandez 48 7
94%
2011/12 CM Spain Xavi Hernandez 51 14
94%
2010/11 CM Spain Xavi Hernandez 50 5
94%
2009/10 CM Spain Xavi Hernandez 53 7
94%
2008/09 CM Spain Xavi Hernandez 54 10
94%
2007/08 CM Spain Xavi Hernandez 54 9
94%
2006/07 CM Spain Xavi Hernandez 54 6
94%
2005/06 CM Spain Xavi Hernandez 22
94%
2004/05 CM Spain Xavi Hernandez 45 3
94%
2003/04 CM Spain Xavi Hernandez 49 5
94%
2002/03 CM Spain Xavi Hernandez 44 3
94%
2001/02 CM Spain Xavi Hernandez 52 4
94%
2000/01 CM Spain Xavi Hernandez 36 2
94%
2017/18 CM Spain Andres Iniesta 44 2
93%
2016/17 CM Spain Andres Iniesta 37 1
93%
2015/16 CM Spain Andres Iniesta 44 1
93%
2014/15 CM Spain Andres Iniesta 42 3
93%
2013/14 CM Spain Andres Iniesta 52 3
93%
2012/13 CM Spain Andres Iniesta 48 6
93%
2011/12 CM Spain Andres Iniesta 46 8
93%
2010/11 CM Spain Andres Iniesta 50 9
93%
2009/10 CM Spain Andres Iniesta 42 1
93%
2008/09 CM Spain Andres Iniesta 43 5
93%
2007/08 CM Spain Andres Iniesta 49 4
93%
2006/07 CM Spain Andres Iniesta 56 9
93%
2005/06 CM Spain Andres Iniesta 49 1
93%
2004/05 CM Spain Andres Iniesta 46 2
93%
2003/04 CM Spain Andres Iniesta 17 2
93%
2002/03 CM Spain Andres Iniesta 9
93%
2022/23 CM Netherlands Frenkie de Jong 43 2
93%
2021/22 CM Netherlands Frenkie de Jong 47 4
93%
2020/21 CM Netherlands Frenkie de Jong 51 7
93%
2019/20 CM Netherlands Frenkie de Jong 42 2
93%
2022/23 CB Spain Gerard Pique 10
93%
2021/22 CB Spain Gerard Pique 40 3
93%
2020/21 CB Spain Gerard Pique 23 2
93%
2019/20 CB Spain Gerard Pique 45 1
93%
2018/19 CB Spain Gerard Pique 52 7
93%
2017/18 CB Spain Gerard Pique 49 5
93%
2016/17 CB Spain Gerard Pique 41 3
93%
2015/16 CB Spain Gerard Pique 46 5
93%
2014/15 CB Spain Gerard Pique 44 7
93%
2013/14 CB Spain Gerard Pique 39 4
93%
2012/13 CB Spain Gerard Pique 44 3
93%
2011/12 CB Spain Gerard Pique 38 2
93%
2010/11 CB Spain Gerard Pique 51 4
93%
2009/10 CB Spain Gerard Pique 49 4
93%
2008/09 CB Spain Gerard Pique 45 3
93%
2022/23 LB Spain Jordi Alba 30 2
93%
2021/22 LB Spain Jordi Alba 44 3
93%
2020/21 LB Spain Jordi Alba 49 5
93%
2019/20 LB Spain Jordi Alba 36 2
93%
2018/19 LB Spain Jordi Alba 54 3
93%
2017/18 LB Spain Jordi Alba 48 3
93%
2016/17 LB Spain Jordi Alba 39 1
93%
2015/16 LB Spain Jordi Alba 45 1
93%
2014/15 LB Spain Jordi Alba 44 2
93%
2013/14 LB Spain Jordi Alba 26
93%
2012/13 LB Spain Jordi Alba 44 5
93%
2018/19 DM Spain Oriol Busquets 1
93%
2017/18 DM Spain Oriol Busquets 1
93%
2022/23 DM Spain Sergio Busquets 42
93%
2021/22 DM Spain Sergio Busquets 51 3
93%
2020/21 DM Spain Sergio Busquets 50
93%
2019/20 DM Spain Sergio Busquets 43 2
93%
2018/19 DM Spain Sergio Busquets 54
93%
2017/18 DM Spain Sergio Busquets 50 1
93%
2016/17 DM Spain Sergio Busquets 48
93%
2015/16 DM Spain Sergio Busquets 53
93%
2014/15 DM Spain Sergio Busquets 47 1
93%
2013/14 DM Spain Sergio Busquets 48 3
93%
2012/13 DM Spain Sergio Busquets 45 1
93%
2011/12 DM Spain Sergio Busquets 52 2
93%
2010/11 DM Spain Sergio Busquets 46 1
93%
2009/10 DM Spain Sergio Busquets 52 1
93%
2008/09 DM Spain Sergio Busquets 41 3
93%
2018/19 AM Spain Denis Suarez 8 2
92%
2017/18 AM Spain Denis Suarez 27 3
92%
2016/17 AM Spain Denis Suarez 36 3
92%
2019/20 ST Uruguay Luis Suarez 36 21
92%
2018/19 ST Uruguay Luis Suarez 49 23
92%
2017/18 ST Uruguay Luis Suarez 51 31
92%
2016/17 ST Uruguay Luis Suarez 51 36
92%
2015/16 ST Uruguay Luis Suarez 53 59
92%
2014/15 ST Uruguay Luis Suarez 43 25
92%
2021/22 ST Netherlands Luuk de Jong 29 7
92%
2016/17 LW Brazil Neymar 45 20
91%
2015/16 LW Brazil Neymar 49 31
91%
2014/15 LW Brazil Neymar 51 39
91%
2013/14 LW Brazil Neymar 41 15
91%
2022/23 RW Brazil Raphinha 50 10
90%
2013/14 CB Spain Carles Puyol 12 2
89%
2012/13 CB Spain Carles Puyol 22 2
89%
2011/12 CB Spain Carles Puyol 44 5
89%
2010/11 CB Spain Carles Puyol 27 1
89%
2009/10 CB Spain Carles Puyol 48 1
89%
2008/09 CB Spain Carles Puyol 45 1
89%
2007/08 CB Spain Carles Puyol 47 1
89%
2006/07 CB Spain Carles Puyol 55 3
89%
2005/06 CB Spain Carles Puyol 52 1
89%
2004/05 CB Spain Carles Puyol 45
89%
2003/04 CB Spain Carles Puyol 38
89%
2002/03 CB Spain Carles Puyol 46
89%
2001/02 CB Spain Carles Puyol 51 2
89%
2000/01 CB Spain Carles Puyol 24
89%
2021/22 RB Brazil Dani Alves 17 1
88%
2015/16 RB Brazil Dani Alves 48 1
88%
2014/15 RB Brazil Dani Alves 46
88%
2013/14 RB Brazil Dani Alves 42 4
88%
2012/13 RB Brazil Dani Alves 47 1
88%
2011/12 RB Brazil Dani Alves 52 3
88%
2010/11 RB Brazil Dani Alves 54 4
88%
2009/10 RB Brazil Dani Alves 48 3
88%
2008/09 RB Brazil Dani Alves 54 5
88%
2022/23 RW France Ousmane Dembele 35 8
88%
2021/22 RW France Ousmane Dembele 32 2
88%
2020/21 RW France Ousmane Dembele 44 11
88%
2019/20 RW France Ousmane Dembele 9 1
88%
2018/19 RW France Ousmane Dembele 42 14
88%
2017/18 RW France Ousmane Dembele 23 4
88%
2019/20 CM Croatia Ivan Rakitic 42 1
86%
2018/19 CM Croatia Ivan Rakitic 54 5
86%
2017/18 CM Croatia Ivan Rakitic 55 4
86%
2016/17 CM Croatia Ivan Rakitic 51 8
86%
2015/16 CM Croatia Ivan Rakitic 57 9
86%
2014/15 CM Croatia Ivan Rakitic 51 8
86%
2022/23 CB Uruguay Ronald Araujo 31 1
86%
2021/22 CB Uruguay Ronald Araujo 43 4
86%
2020/21 CB Uruguay Ronald Araujo 33 2
86%
2019/20 CB Uruguay Ronald Araujo 6
86%
2013/14 GK Spain Victor Valdes 34
86%
2012/13 GK Spain Victor Valdes 44
86%
2011/12 GK Spain Victor Valdes 52
86%
2010/11 GK Spain Victor Valdes 44
86%
2009/10 GK Spain Victor Valdes 55
86%
2008/09 GK Spain Victor Valdes 49
86%
2007/08 GK Spain Victor Valdes 52
86%
2006/07 GK Spain Victor Valdes 50
86%
2005/06 GK Spain Victor Valdes 49
86%
2004/05 GK Spain Victor Valdes 43
86%
2003/04 GK Spain Victor Valdes 44
86%
2002/03 GK Spain Victor Valdes 20
86%
2022/23 RW Spain Ferran Torres 45 7
84%
2021/22 RW Spain Ferran Torres 26 7
84%
2015/16 RW Spain Pedro Rodriguez 3 1
84%
2014/15 RW Spain Pedro Rodriguez 50 11
84%
2013/14 RW Spain Pedro Rodriguez 54 19
84%
2012/13 RW Spain Pedro Rodriguez 45 10
84%
2011/12 RW Spain Pedro Rodriguez 48 13
84%
2010/11 RW Spain Pedro Rodriguez 53 22
84%
2009/10 RW Spain Pedro Rodriguez 52 23
84%
2008/09 RW Spain Pedro Rodriguez 14
84%
2007/08 RW Spain Pedro Rodriguez 2
84%
2022/23 CB Denmark Andreas Christensen 32 1
83%
2022/23 CM Spain Pablo Torre 13 1
83%
2008/09 ST Cameroon Samuel Eto'o 52 36
83%
2007/08 ST Cameroon Samuel Eto'o 28 18
83%
2006/07 ST Cameroon Samuel Eto'o 27 13
83%
2005/06 ST Cameroon Samuel Eto'o 47 34
83%
2004/05 ST Cameroon Samuel Eto'o 45 29
83%
2017/18 DM Argentina Javier Mascherano 12
82%
2016/17 DM Argentina Javier Mascherano 40 1
82%
2015/16 DM Argentina Javier Mascherano 51
82%
2014/15 DM Argentina Javier Mascherano 47
82%
2013/14 DM Argentina Javier Mascherano 46
82%
2012/13 DM Argentina Javier Mascherano 41
82%
2011/12 DM Argentina Javier Mascherano 52
82%
2010/11 DM Argentina Javier Mascherano 45
82%
2022/23 ST Gabon Pierre-Emerick Aubameyang 1
82%
2021/22 ST Gabon Pierre-Emerick Aubameyang 23 13
82%
2012/13 ST Spain David Villa 43 16
81%
2011/12 ST Spain David Villa 24 9
81%
2010/11 ST Spain David Villa 52 23
81%
2022/23 CB France Jules Kounde 40 1
81%
2021/22 SS France Antoine Griezmann 3
80%
2020/21 SS France Antoine Griezmann 51 20
80%
2019/20 SS France Antoine Griezmann 48 15
80%
2007/08 LW Brazil Ronaldinho 26 9
80%
2006/07 LW Brazil Ronaldinho 49 24
80%
2005/06 LW Brazil Ronaldinho 45 26
80%
2004/05 LW Brazil Ronaldinho 42 13
80%
2003/04 LW Brazil Ronaldinho 45 22
80%
2022/23 RB Spain Sergi Roberto 33 4
80%
2021/22 RB Spain Sergi Roberto 12 2
80%
2020/21 RB Spain Sergi Roberto 20 1
80%
2019/20 RB Spain Sergi Roberto 39 1
80%
2018/19 RB Spain Sergi Roberto 44 1
80%
2017/18 RB Spain Sergi Roberto 48 1
80%
2016/17 RB Spain Sergi Roberto 47 1
80%
2015/16 RB Spain Sergi Roberto 49 1
80%
2014/15 RB Spain Sergi Roberto 18 2
80%
2013/14 RB Spain Sergi Roberto 27
80%
2012/13 RB Spain Sergi Roberto 5
80%
2011/12 RB Spain Sergi Roberto 4 2
80%
2010/11 RB Spain Sergi Roberto 3
80%
2010/11 ST Sweden Zlatan Ibrahimovic 1 1
80%
2009/10 ST Sweden Zlatan Ibrahimovic 45 21
80%
2019/20 CM Chile Arturo Vidal 43 8
78%
2018/19 CM Chile Arturo Vidal 53 3
78%
2022/23 ST Netherlands Memphis Depay 4 1
78%
2021/22 ST Netherlands Memphis Depay 38 13
78%
2021/22 CB France Samuel Umtiti 1
78%
2020/21 CB France Samuel Umtiti 16
78%
2019/20 CB France Samuel Umtiti 18
78%
2018/19 CB France Samuel Umtiti 15
78%
2017/18 CB France Samuel Umtiti 40 1
78%
2016/17 CB France Samuel Umtiti 43 1
78%
2017/18 RW Spain Aleix Vidal 25 2
77%
2016/17 RW Spain Aleix Vidal 12 2
77%
2015/16 RW Spain Aleix Vidal 14
77%
2022/23 LB Spain Alejandro Balde 44 1
77%
2021/22 LB Spain Alejandro Balde 7
77%
2009/10 CM Ivory Coast Yaya Toure 37 1
77%
2008/09 CM Ivory Coast Yaya Toure 43 3
77%
2007/08 CM Ivory Coast Yaya Toure 38 2
77%
2013/14 ST Chile Alexis Sanchez 54 21
76%
2012/13 ST Chile Alexis Sanchez 46 11
76%
2011/12 ST Chile Alexis Sanchez 41 14
76%
2012/13 LB France Eric Abidal 5
76%
2011/12 LB France Eric Abidal 38 1
76%
2010/11 LB France Eric Abidal 41 1
76%
2009/10 LB France Eric Abidal 31
76%
2008/09 LB France Eric Abidal 32
76%
2007/08 LB France Eric Abidal 46
76%
2022/23 CM Ivory Coast Franck Kessie 43 3
76%
2009/10 ST France Thierry Henry 32 4
76%
2008/09 ST France Thierry Henry 42 26
76%
2007/08 ST France Thierry Henry 47 19
76%
2016/17 GK Chile Claudio Bravo 3
75%
2015/16 GK Chile Claudio Bravo 35
75%
2014/15 GK Chile Claudio Bravo 37
75%
2021/22 RB United States Sergino Dest 31
75%
2020/21 RB United States Sergino Dest 41 3
75%
2008/09 DM Spain Xavi Torres 2
75%
2022/23 LW Spain Ansu Fati 51 10
74%
2021/22 LW Spain Ansu Fati 15 6
74%
2020/21 LW Spain Ansu Fati 10 5
74%
2019/20 LW Spain Ansu Fati 33 8
74%
2021/22 CB France Clement Lenglet 27
74%
2020/21 CB France Clement Lenglet 48 1
74%
2019/20 CB France Clement Lenglet 40 4
74%
2018/19 CB France Clement Lenglet 45 2
74%
2021/22 LW Brazil Philippe Coutinho 16 2
74%
2020/21 LW Brazil Philippe Coutinho 14 3
74%
2018/19 LW Brazil Philippe Coutinho 54 11
74%
2017/18 LW Brazil Philippe Coutinho 22 9
74%
2002/03 DM Spain David Sanchez 1
73%
2008/09 CM Spain Victor Sanchez 12
73%
2007/08 CM Spain Victor Sanchez 2
73%
2022/23 RW Spain Lamine Yamal 1
72%
2016/17 LW Turkey Arda Turan 30 13
68%
2015/16 LW Turkey Arda Turan 25 2
68%
2013/14 CM Spain Cesc Fabregas 55 13
68%
2012/13 CM Spain Cesc Fabregas 48 14
68%
2011/12 CM Spain Cesc Fabregas 48 15
68%
2011/12 CM Mali Seydou Keita 42 4
67%
2010/11 CM Mali Seydou Keita 56 6
67%
2009/10 CM Mali Seydou Keita 44 6
67%
2008/09 CM Mali Seydou Keita 46 6
67%
2021/22 ST Denmark Martin Braithwaite 5 2
65%
2020/21 ST Denmark Martin Braithwaite 42 7
65%
2019/20 ST Denmark Martin Braithwaite 11 1
65%
2019/20 RB Portugal Nelson Semedo 42 1
65%
2018/19 RB Portugal Nelson Semedo 46 1
65%
2017/18 RB Portugal Nelson Semedo 36
65%
2009/10 CB Mexico Rafael Marquez 23 1
65%
2008/09 CB Mexico Rafael Marquez 37 3
65%
2007/08 CB Mexico Rafael Marquez 36 2
65%
2006/07 CB Mexico Rafael Marquez 37 2
65%
2005/06 CB Mexico Rafael Marquez 37 1
65%
2004/05 CB Mexico Rafael Marquez 41 3
65%
2003/04 CB Mexico Rafael Marquez 31 1
65%
2022/23 CB Spain Eric Garcia 32 1
64%
2021/22 CB Spain Eric Garcia 36
64%
2020/21 CM Bosnia Miralem Pjanic 30
63%
2010/11 SS Spain Bojan Krkic 37 7
62%
2009/10 SS Spain Bojan Krkic 36 12
62%
2008/09 SS Spain Bojan Krkic 42 10
62%
2007/08 SS Spain Bojan Krkic 48 12
62%
2007/08 AM Portugal Deco 29 1
62%
2006/07 AM Portugal Deco 47 6
62%
2005/06 AM Portugal Deco 43 5
62%
2004/05 AM Portugal Deco 42 8
62%
2018/19 GK Netherlands Jasper Cillessen 11
61%
2017/18 GK Netherlands Jasper Cillessen 11
61%
2016/17 GK Netherlands Jasper Cillessen 10
61%
2002/03 ST Spain Dani Garcia 12 2
60%
2001/02 ST Spain Dani Garcia 3
60%
2000/01 ST Spain Dani Garcia 26 1
60%
2003/04 RW Spain Luis Garcia 37 7
60%
2003/04 ST Spain Sergio Garcia 8 1
60%
2002/03 ST Spain Sergio Garcia 2
60%
2001/02 AM Brazil Rivaldo 33 14
59%
2000/01 AM Brazil Rivaldo 53 36
59%
2017/18 CM Portugal Andre Gomes 31
58%
2016/17 CM Portugal Andre Gomes 47 3
58%
2018/19 CB Belgium Thomas Vermaelen 12
58%
2017/18 CB Belgium Thomas Vermaelen 20
58%
2015/16 CB Belgium Thomas Vermaelen 20 1
58%
2014/15 CB Belgium Thomas Vermaelen 1
58%
2017/18 CM Brazil Paulinho 49 9
57%
2019/20 AM Brazil Rafinha Alcantara 3
56%
2018/19 AM Brazil Rafinha Alcantara 8 1
56%
2017/18 AM Brazil Rafinha Alcantara 1
56%
2016/17 AM Brazil Rafinha Alcantara 28 7
56%
2015/16 AM Brazil Rafinha Alcantara 11 2
56%
2014/15 AM Brazil Rafinha Alcantara 36 2
56%
2012/13 AM Brazil Rafinha Alcantara 1
56%
2011/12 AM Brazil Rafinha Alcantara 2
56%
2019/20 CM Brazil Arthur Melo 28 4
55%
2018/19 CM Brazil Arthur Melo 44
55%
2022/23 LB Spain Marcos Alonso 37 3
55%
2011/12 LB Brazil Maxwell 12 1
55%
2010/11 LB Brazil Maxwell 41 1
55%
2009/10 LB Brazil Maxwell 36
55%
2021/22 GK Brazil Norberto Neto 4
55%
2020/21 GK Brazil Norberto Neto 12
55%
2019/20 GK Brazil Norberto Neto 5
55%
2013/14 DM Cameroon Alex Song 31
54%
2012/13 DM Cameroon Alex Song 34 1
54%
2007/08 RB Italy Gianluca Zambrotta 41
54%
2006/07 RB Italy Gianluca Zambrotta 44 3
54%
2022/23 GK Spain Inaki Pena 5
54%
2000/01 AM Spain Ivan de la Pena 13
53%
2013/14 GK Spain Jose Pinto 26
53%
2012/13 GK Spain Jose Pinto 16
53%
2011/12 GK Spain Jose Pinto 12
53%
2010/11 GK Spain Jose Pinto 17
53%
2009/10 GK Spain Jose Pinto 4
53%
2008/09 GK Spain Jose Pinto 11
53%
2007/08 GK Spain Jose Pinto 3
53%
2012/13 CM Spain Thiago Alcantara 36 3
53%
2011/12 CM Spain Thiago Alcantara 45 4
53%
2010/11 CM Spain Thiago Alcantara 16 3
53%
2009/10 CM Spain Thiago Alcantara 2 1
53%
2008/09 CM Spain Thiago Alcantara 1
53%
2016/17 LB France Jeremy Mathieu 16 1
51%
2015/16 LB France Jeremy Mathieu 34
51%
2014/15 LB France Jeremy Mathieu 41 3
51%
2003/04 ST Netherlands Patrick Kluivert 26 10
51%
2002/03 ST Netherlands Patrick Kluivert 51 21
51%
2001/02 ST Netherlands Patrick Kluivert 50 25
51%
2000/01 ST Netherlands Patrick Kluivert 48 25
51%
2015/16 LB Brazil Adriano 19 1
50%
2014/15 LB Brazil Adriano 27 2
50%
2013/14 LB Brazil Adriano 38 4
50%
2012/13 LB Brazil Adriano 34 6
50%
2011/12 LB Brazil Adriano 40 3
50%
2010/11 LB Brazil Adriano 31 1
50%
2005/06 ST Sweden Henrik Larsson 42 15
48%
2004/05 ST Sweden Henrik Larsson 17 4
48%
2018/19 ST Morocco Munir El Haddadi 11 2
48%
2016/17 ST Morocco Munir El Haddadi 3 1
48%
2015/16 ST Morocco Munir El Haddadi 26 8
48%
2014/15 ST Morocco Munir El Haddadi 16 1
48%
2017/18 CB Colombia Yerry Mina 6
48%
2002/03 CB Netherlands Frank de Boer 50 2
47%
2001/02 CB Netherlands Frank de Boer 47
47%
2000/01 CB Netherlands Frank de Boer 52 5
47%
2021/22 RW Spain Adama Traore 17
46%
2014/15 RW Spain Adama Traore 2 1
46%
2013/14 RW Spain Adama Traore 2
46%
2021/22 ST Argentina Sergio Aguero 5 1
46%
2017/18 LB France Lucas Digne 20 1
45%
2016/17 LB France Lucas Digne 26 1
45%
2005/06 ST Argentina Maxi Lopez 9 1
45%
2004/05 ST Argentina Maxi Lopez 10 1
45%
2004/05 CM Spain Gerard Lopez 16 2
44%
2003/04 CM Spain Gerard Lopez 28 1
44%
2002/03 CM Spain Gerard Lopez 29 1
44%
2001/02 CM Spain Gerard Lopez 23 1
44%
2000/01 CM Spain Gerard Lopez 39 4
44%
2007/08 SS Mexico Giovani dos Santos 38 4
44%
2013/14 CM Mexico Jonathan dos Santos 3
44%
2012/13 CM Mexico Jonathan dos Santos 6
44%
2011/12 CM Mexico Jonathan dos Santos 8
44%
2010/11 CM Mexico Jonathan dos Santos 5
44%
2009/10 CM Mexico Jonathan dos Santos 6
44%
2003/04 RB Spain Oscar Lopez 11
44%
2002/03 RB Spain Oscar Lopez 2
44%
2004/05 GK Spain Ruben Martinez 3
44%
2016/17 CB Spain Borja Lopez 1
43%
2020/21 RW Portugal Francisco Trincao 42 3
43%
2006/07 LB Netherlands Giovanni van Bronckhorst 36 1
43%
2005/06 LB Netherlands Giovanni van Bronckhorst 36 1
43%
2004/05 LB Netherlands Giovanni van Bronckhorst 38 4
43%
2003/04 LB Netherlands Giovanni van Bronckhorst 44 1
43%
2008/09 AM Belarus Aleksandr Hleb 36
42%
2000/01 DM Spain Pep Guardiola 37 3
42%
2015/16 CB Spain Marc Bartra 24 2
41%
2014/15 CB Spain Marc Bartra 25 1
41%
2013/14 CB Spain Marc Bartra 30 2
41%
2012/13 CB Spain Marc Bartra 16
41%
2011/12 CB Spain Marc Bartra 2
41%
2010/11 CB Spain Marc Bartra 5 1
41%
2009/10 CB Spain Marc Bartra 1
41%
2008/09 ST Iceland Eidur Gudjohnsen 34 4
40%
2007/08 ST Iceland Eidur Gudjohnsen 37 3
40%
2006/07 ST Iceland Eidur Gudjohnsen 43 12
40%
2006/07 SS Argentina Javier Saviola 26 12
40%
2003/04 SS Argentina Javier Saviola 46 19
40%
2002/03 SS Argentina Javier Saviola 51 20
40%
2001/02 SS Argentina Javier Saviola 49 21
40%
2006/07 RW France Ludovic Giuly 46 6
40%
2005/06 RW France Ludovic Giuly 43 8
40%
2004/05 RW France Ludovic Giuly 36 12
40%
2005/06 DM Netherlands Mark van Bommel 38 4
40%
2006/07 DM Italy Thiago Motta 29
40%
2005/06 DM Italy Thiago Motta 23 2
40%
2004/05 DM Italy Thiago Motta 8
40%
2003/04 DM Italy Thiago Motta 26 2
40%
2002/03 DM Italy Thiago Motta 35 5
40%
2001/02 DM Italy Thiago Motta 26 1
40%
2007/08 CB France Lilian Thuram 28
39%
2006/07 CB France Lilian Thuram 30
39%
2003/04 RM Spain Luis Enrique 30 5
39%
2002/03 RM Spain Luis Enrique 26 10
39%
2001/02 RM Spain Luis Enrique 38 10
39%
2000/01 RM Spain Luis Enrique 41 16
39%
2013/14 AM Netherlands Ibrahim Afellay 2
38%
2011/12 AM Netherlands Ibrahim Afellay 5
38%
2010/11 AM Netherlands Ibrahim Afellay 28 2
38%
2018/19 RW Brazil Malcom 24 4
38%
2021/22 CB Spain Oscar Mingueza 27
38%
2020/21 CB Spain Oscar Mingueza 39 2
38%
2010/11 CB Argentina Gabriel Milito 17 1
37%
2009/10 CB Argentina Gabriel Milito 17
37%
2007/08 CB Argentina Gabriel Milito 42 1
37%
2006/07 RB Brazil Juliano Belletti 22
37%
2005/06 RB Brazil Juliano Belletti 42 1
37%
2004/05 RB Brazil Juliano Belletti 39
37%
2017/18 ST Spain Paco Alcacer 23 7
36%
2016/17 ST Spain Paco Alcacer 27 8
36%
2021/22 CM Spain Riqui Puig 18 1
36%
2020/21 CM Spain Riqui Puig 24 1
36%
2019/20 CM Spain Riqui Puig 12
36%
2018/19 CM Spain Riqui Puig 3
36%
2021/22 CM Spain Nico Gonzalez 37 2
35%
2008/09 LB Brazil Sylvinho 30 1
35%
2007/08 LB Brazil Sylvinho 22
35%
2006/07 LB Brazil Sylvinho 21
35%
2005/06 LB Brazil Sylvinho 31 2
35%
2004/05 LB Brazil Sylvinho 24
35%
2018/19 AM Ghana Kevin-Prince Boateng 4
34%
2003/04 LW Netherlands Marc Overmars 31 3
34%
2002/03 LW Netherlands Marc Overmars 32 7
34%
2001/02 LW Netherlands Marc Overmars 32 1
34%
2000/01 LW Netherlands Marc Overmars 46 8
34%
2010/11 DM Spain Oriol Romeu 2
33%
2005/06 CB Spain Rodri 6
33%
2004/05 CB Spain Rodri 2
33%
2013/14 LW Spain Cristian Tello 30 5
32%
2012/13 LW Spain Cristian Tello 34 8
32%
2011/12 LW Spain Cristian Tello 22 7
32%
2003/04 CM Netherlands Edgar Davids 20 1
32%
2022/23 RB Spain Hector Bellerin 7
32%
2014/15 RB Spain Martin Montoya 12
31%
2013/14 RB Spain Martin Montoya 19
31%
2012/13 RB Spain Martin Montoya 24 1
31%
2011/12 RB Spain Martin Montoya 10 1
31%
2010/11 RB Spain Martin Montoya 2
31%
2003/04 DM Netherlands Phillip Cocu 48 6
31%
2002/03 DM Netherlands Phillip Cocu 39 5
31%
2001/02 DM Netherlands Phillip Cocu 50 2
31%
2000/01 DM Netherlands Phillip Cocu 55 4
31%
2003/04 RW Portugal Ricardo Quaresma 28 1
30%
2021/22 RW Austria Yusuf Demir 9
30%
2020/21 CM Guinea Ilaix Moriba 18 1
29%
2006/07 CB Spain Jesus Olmo 1
29%
2005/06 CB Spain Jesus Olmo 1
29%
2002/03 AM Argentina Juan Roman Riquelme 42 6
28%
2020/21 LB Spain Junior Firpo 18 1
28%
2019/20 LB Spain Junior Firpo 23 1
28%
2022/23 DM Spain Marc Casado 1
28%
2008/09 CM Spain Abraham Gonzalez 2
27%
2007/08 DM Brazil Edmilson 15
27%
2006/07 DM Brazil Edmilson 33
27%
2005/06 DM Brazil Edmilson 41
27%
2004/05 DM Brazil Edmilson 7
27%
2021/22 RB Brazil Emerson Royal 3
27%
2017/18 ST Spain Gerard Deulofeu 17 2
27%
2012/13 ST Spain Gerard Deulofeu 4
27%
2011/12 ST Spain Gerard Deulofeu 2
27%
2010/11 AM Venezuela Jeffren 13 1
27%
2009/10 AM Venezuela Jeffren 18 2
27%
2008/09 AM Venezuela Jeffren 2
27%
2006/07 AM Venezuela Jeffren 1
27%
2005/06 CM Spain Jordi Gomez 1
27%
2008/09 CB Uruguay Martin Caceres 23
27%
2007/08 CB Spain Oleguer 15
27%
2006/07 CB Spain Oleguer 38
27%
2005/06 CB Spain Oleguer 49
27%
2004/05 CB Spain Oleguer 44 1
27%
2003/04 CB Spain Oleguer 24
27%
2002/03 CB Spain Oleguer 5
27%
2010/11 CB Spain Sergi Gomez 1
27%
2015/16 ST Spain Sandro Ramirez 20 3
26%
2014/15 ST Spain Sandro Ramirez 12 4
26%
2021/22 LW Morocco Abde Ezzalzouli 12 1
25%
2019/20 CB France Jean-Clair Todibo 3
25%
2018/19 CB France Jean-Clair Todibo 2
25%
2020/21 DM Brazil Matheus Fernandes 1
25%
2014/15 AM Croatia Alen Halilovic 1
24%
2000/01 DM France Emmanuel Petit 38 1
24%
2019/20 RB Senegal Moussa Wague 3
24%
2018/19 RB Senegal Moussa Wague 3
24%
2011/12 LW Spain Isaac Cuenca 30 4
23%
2018/19 CB Colombia Jeison Murillo 4
23%
2018/19 CB Spain Jorge Cuenca 1
23%
2020/21 CM Spain Carles Alena 5
22%
2019/20 CM Spain Carles Alena 5
22%
2018/19 CM Spain Carles Alena 27 2
22%
2017/18 CM Spain Carles Alena 3
22%
2016/17 CM Spain Carles Alena 4 1
22%
2019/20 RW Spain Carles Perez 12 2
22%
2018/19 RW Spain Carles Perez 1
22%
2015/16 RB Brazil Douglas 3
22%
2014/15 RB Brazil Douglas 5
22%
2017/18 LB Spain Marc Cucurella 1
22%
2022/23 CB Morocco Chadi Riad 1
21%
2003/04 RB Netherlands Michael Reiziger 40
21%
2002/03 RB Netherlands Michael Reiziger 31
21%
2001/02 RB Netherlands Michael Reiziger 21
21%
2000/01 RB Netherlands Michael Reiziger 40
21%
2001/02 GK Spain Pepe Reina 16
21%
2000/01 GK Spain Pepe Reina 33
21%
2015/16 GK Spain Jordi Masip 2
19%
2014/15 GK Spain Jordi Masip 2
19%
2020/21 LW United States Konrad de la Fuente 3
19%
2018/19 DM Spain Sergi Samper 1
19%
2016/17 DM Spain Sergi Samper 1
19%
2015/16 DM Spain Sergi Samper 7
19%
2014/15 DM Spain Sergi Samper 4
19%
2000/01 LW Netherlands Boudewijn Zenden 18
18%
2000/01 LW Portugal Simao 38 3
18%
2001/02 LB Italy Francesco Coco 33
17%
2021/22 ST Spain Ferran Jutgla 9 2
16%
2002/03 GK Germany Robert Enke 4
16%
2009/10 CB Ukraine Dmytro Chygrynskyi 14
15%
2003/04 CB Sweden Patrik Andersson 5
15%
2002/03 CB Sweden Patrik Andersson 7
15%
2001/02 CB Sweden Patrik Andersson 19 1
15%
2002/03 GK Argentina Roberto Bonano 32
15%
2001/02 GK Argentina Roberto Bonano 42
15%
2004/05 RB Spain Damia Abella 10
14%
2005/06 DM Spain Gabri 20 1
14%
2004/05 DM Spain Gabri 4
14%
2003/04 DM Spain Gabri 22 1
14%
2002/03 DM Spain Gabri 37
14%
2001/02 DM Spain Gabri 42 3
14%
2000/01 DM Spain Gabri 37 3
14%
2003/04 GK Turkey Rustu Recber 7
14%
2001/02 CB Spain Abelardo 12
13%
2000/01 CB Spain Abelardo 31 1
13%
2018/19 ST Spain Abel Ruiz 1
13%
2011/12 CB Spain Andreu Fontas 6
13%
2010/11 CB Spain Andreu Fontas 8 1
13%
2009/10 CB Spain Andreu Fontas 2
13%
2002/03 RM Spain Gaizka Mendieta 49 6
13%
2021/22 RW Spain Ilias Akhomach 3
13%
2011/12 CB Spain Marc Muniesa 3
13%
2008/09 CB Spain Marc Muniesa 1
13%
2001/02 LB Spain Sergi Barjuan 25
13%
2000/01 LB Spain Sergi Barjuan 52 1
13%
2018/19 LB Spain Juan Miranda 4
12%
2010/11 LW Spain Nolito 5 1
12%
2004/05 DM Italy Demetrio Albertini 6
11%
2002/03 CM Brazil Fabio Rochemback 30 1
11%
2001/02 CM Brazil Fabio Rochemback 38 2
11%
2013/14 ST Cameroon Jean Dongou 3 1
11%
2002/03 LB Argentina Juan Pablo Sorin 15 1
11%
2008/09 GK Spain Albert Jorquera 1
10%
2007/08 GK Spain Albert Jorquera 2
10%
2006/07 GK Spain Albert Jorquera 9
10%
2005/06 GK Spain Albert Jorquera 8
10%
2004/05 GK Spain Albert Jorquera 2
10%
2003/04 GK Spain Albert Jorquera 2
10%
2019/20 RW Spain Alex Collado 1
10%
2018/19 RW Spain Alex Collado 1
10%
2022/23 LW Spain Angel Alarcon 5
10%
2016/17 CB Brazil Marlon 3
10%
2008/09 GK Spain Oier Olazabal 1
10%
2007/08 GK Spain Oier Olazabal 1
10%
2002/03 CB France Philippe Christanval 8
10%
2001/02 CB France Philippe Christanval 39
10%
2010/11 AM Spain Victor Vazquez 1 1
10%
2008/09 AM Spain Victor Vazquez 1
10%
2007/08 AM Spain Victor Vazquez 1
10%
2000/01 GK Spain Francesc Arnau 8
9%
2002/03 AM Brazil Geovanni 11 2
9%
2001/02 AM Brazil Geovanni 32 1
9%
2007/08 ST Spain Santiago Ezquerro 4 2
9%
2006/07 ST Spain Santiago Ezquerro 18 2
9%
2005/06 ST Spain Santiago Ezquerro 19 4
9%
2015/16 CM Cameroon Wilfrid Kaptoum 3 1
9%
2022/23 CM Spain Aleix Garrido 1
8%
2001/02 ST Spain Alfonso 6
8%
2000/01 ST Spain Alfonso 32 5
8%
2014/15 CB Guinea-Bissau Edgar Ie 1
8%
2004/05 LB Spain Fernando Navarro 8
8%
2002/03 LB Spain Fernando Navarro 23 1
8%
2001/02 LB Spain Fernando Navarro 4
8%
2009/10 LW Israel Gai Assulin 1
8%
2015/16 DM Spain Gerard Gumbau 8
8%
2014/15 DM Spain Gerard Gumbau 1
8%
2019/20 CM Spain Monchu 1
8%
2000/01 GK France Richard Dutruel 22
8%
2022/23 DM Spain Alvaro Sanz 1
7%
2021/22 DM Spain Alvaro Sanz 3
7%
2021/22 LW Spain Estanis Pedrola 1
7%
2003/04 DM Spain Ramon Ros 2
7%
2009/10 ST Spain Jonathan Soriano 1
6%
2017/18 LW Spain Jose Arnaiz 5 3
6%
2015/16 AM Spain Juan Camara 2
6%
2021/22 CB Spain Mika Marmol 1
6%
2010/11 GK Spain Ruben Mino 1
6%
2003/04 RW Spain Sergio Santamaria 4
6%
2000/01 RW Spain Sergio Santamaria 2
6%
2015/16 RW Spain Aitor Cantalapiedra 2
5%
2012/13 LB Spain Carles Planas 2
5%
2007/08 RB Spain Fali 1
5%
2001/02 LW Spain Jofre Mateu 1
5%
2005/06 CM France Ludovic Sylvestre 1
5%
2016/17 ST Spain Marc Cardona 2
5%
2011/12 CM Spain Marti Riverola 1
5%
2003/04 ST Spain Oriol Riera 1
5%
2013/14 CB Spain Patric 1
5%
2016/17 CM Spain Alex Carbonell 1
4%
2005/06 CM Italy Andrea Orlandi 1
4%
2018/19 CB Spain Chumi 3
4%
2002/03 CB Spain Dani Tortolero 2
4%
2000/01 CB Spain David Bermudo 1
4%
2017/18 CB Spain David Costas 1
4%
2004/05 RW Spain Javito 1
4%
2004/05 AM Spain Joan Verdu 2
4%
2007/08 CM Spain Jose Rueda 1
4%
2007/08 DM Spain Marc Crosas 3
4%
2006/07 DM Spain Marc Crosas 1
4%
2007/08 CB Spain Marc Valiente 1
4%
2006/07 CB Spain Marc Valiente 1
4%
2002/03 LB Spain Nano 3
4%
2001/02 CM Spain Roberto Trashorras 3
4%
2008/09 CB Spain Alberto Botia 1
3%
2005/06 LW Spain Cristian Hidalgo 1
3%
2005/06 CB Spain Javi Martos 1
3%
2003/04 CB Spain Mario Abrante 2
3%
2016/17 AM Spain Nili Perdomo 1
3%
2005/06 LW Spain Paco Montanes 1
3%
2005/06 CM Spain Pitu 1
3%
2005/06 CB Spain Ramon Maso 1
3%
No matching quizzes found
Score Distribution
Percent of People with Each Score
Percentile by Number Answered
Your Score History
You have not taken this quiz